Analyzing the effect of sustainability on supply chain relationships

Salvato in:
Dettagli Bibliografici
Autore principale: Brockhaus, Sebastian
Natura: Libro
Lingua:inglese
Pubblicazione: Lohmar EUL Verlag 2013
Serie:Supply chain, logistics and operations management Band 15
Soggetti:
Tags: Aggiungi Tag
Nessun Tag, puoi essere il primo ad aggiungerne!!

MARC

LEADER 00000nam a2200000 4500
001 0210128
005 20240314085633.2
020 |a 978-3-8441-0257-4 
041 0 |a eng 
044 |a DE 
245 1 0 |a Analyzing the effect of sustainability on supply chain relationships  |c von Sebastian Brockhaus 
264 1 |a Lohmar  |b EUL Verlag  |c 2013 
300 |a 200 s. 
490 1 |a Supply chain, logistics and operations management  |v Band 15 
830 0 |a Supply chain, logistics and operations management  |v Band 15 
610 2 0 |a prostredie podnikateľské 
610 2 0 |a reťazce dodávateľsko-odberateľské 
610 2 0 |a riadenie reťazcov dodávateľských 
610 2 0 |a stabilizácia podniku 
610 2 0 |a teórie ekonomické 
610 2 0 |a analýzy 
610 2 0 |a výskum 
610 2 0 |a metodológia 
610 2 0 |a hypotézy 
610 2 0 |a štúdie 
610 2 0 |a práce kvalifikačné 
100 1 |a Brockhaus, Sebastian